<?xml version="1.0" encoding="UTF-8"?>
<record
    xmlns:xsi="http://www.w3.org/2001/XMLSchema-instance"
    xsi:schemaLocation="http://www.loc.gov/MARC21/slim http://www.loc.gov/standards/marcxml/schema/MARC21slim.xsd"
    xmlns="http://www.loc.gov/MARC21/slim">

  <leader>00920naa a2200193 i 4500</leader>
  <controlfield tag="001">10368</controlfield>
  <controlfield tag="003">KOSZ 005</controlfield>
  <controlfield tag="005">20180420120705.0</controlfield>
  <controlfield tag="008">180418s2000    pl a         |100 0 pol  </controlfield>
  <datafield tag="040" ind1=" " ind2=" ">
    <subfield code="a">KOSZ 005/AR</subfield>
    <subfield code="c">KOSZ 005/AR</subfield>
  </datafield>
  <datafield tag="080" ind1=" " ind2=" ">
    <subfield code="a">338.22(438)"19"</subfield>
  </datafield>
  <datafield tag="080" ind1=" " ind2=" ">
    <subfield code="a">330(438)"19"</subfield>
  </datafield>
  <datafield tag="080" ind1=" " ind2=" ">
    <subfield code="a">(06)</subfield>
  </datafield>
  <datafield tag="100" ind1="1" ind2=" ">
    <subfield code="a">FRYDRYSIAK, Adam.</subfield>
    <subfield code="d">1999 - .</subfield>
    <subfield code="b">Politechnika Koszali&#x144;ska - Instytut Polityki Spo&#x142;ecznej i Stosunk&#xF3;w Mi&#x119;dzynarodowych,</subfield>
    <subfield code="c">Zak&#x142;ad Polityki Spo&#x142;eczno-Gospodarczej</subfield>
  </datafield>
  <datafield tag="245" ind1="1" ind2="0">
    <subfield code="a">Dzia&#x142;alno&#x15B;&#x107; polityczna i gospodarcza E. Kwiatkowskiego w latach 1935-1938 / </subfield>
    <subfield code="c">Adam Frydrysiak.</subfield>
  </datafield>
  <datafield tag="655" ind1=" " ind2="0">
    <subfield code="a">Materia&#x142;y konferencyjne.</subfield>
  </datafield>
  <datafield tag="773" ind1="0" ind2=" ">
    <subfield code="i">W :</subfield>
    <subfield code="t">Koncepcje gospodarcze Eugeniusza Kwiatkowskiego 1888-1974 : konferencja naukowa. Koszalin, 12 grudnia 2000. T. 1. / red. Lech Bo&#x144;cza-Bystrzycki, Bogus&#x142;aw Polak. -</subfield>
    <subfield code="d">Koszalin : Wydaw. Uczelniane PK, 2000.  -</subfield>
    <subfield code="g">s. 87-93</subfield>
    <subfield code="z"> 8388283464 </subfield>
  </datafield>
  <datafield tag="942" ind1=" " ind2=" ">
    <subfield code="2">UKD</subfield>
    <subfield code="c">ROZ</subfield>
  </datafield>
  <datafield tag="999" ind1=" " ind2=" ">
    <subfield code="c">10368</subfield>
    <subfield code="d">10368</subfield>
  </datafield>
</record>
